| 000 | 00986cam a2200229 4500 | ||
|---|---|---|---|
| 001 | WB3904-21 | ||
| 008 | 030128n2003 000 0 eng u | ||
| 035 | _a(Sirsi) u121140 | ||
| 245 | _aScottish Land Reform Bill passed | ||
| 260 | _c2003 | ||
| 490 |
_aScottish Executive News Release _v 23 January 2003, (2) |
||
| 520 | _aThe Land Reform Scotland Billpassed by the Scottish Parliament will modernise Scotland's ancient land ownership laws. It is designed to extend community ownership of land, to establish new rights of public access and to remove barriers to social, economic and environmental development. The Bill is available at http://www.scottish.parliament.uk/parl_bus/bills/b44s1.pdf http://www.scotland.gov.uk/pages/news/2003/01/SEEN301.aspx | ||
| 590 | _aWB | ||
| 650 | _aSCOTLAND | ||
| 650 | _aLAND REFORM | ||
| 650 | _aLAND OWNERSHIP | ||
| 650 | _aCOMMUNITY OWNERSHIP | ||
| 650 | _aCROFTERS | ||
| 650 | _aPUBLIC ACCESS | ||
| 690 | _aPROPERTY | ||
| 942 | _n0 | ||
| 999 |
_c71983 _d71983 |
||